00821nam a2200217 i 4500001000300000100003900003245008700042260008000129300002800209490006200237504001400299650004500313830005400358020001500412040000800427041000800435080001300443080000800456008004100464856009800505bg1 aSmoleński, Stanisławd(1936- ).10aZarządzanie produktywnością w przedsiębiorstwie /cStanisław Smoleński. aBydgoszcz :bOficyna Wydawnicza Ośrodka Postępu Organizacyjnego,c2000. a244 s. :bil. ;c21 cm.1 aBiblioteka Menedżera i Służby Pracowniczej ;vz. 176 aBibliogr. 9aProduktywność (ekon.)xzarządzanie aBiblioteka Menedżera i Służby Pracowniczej ; a8387636932 cBPK0 apol a658.1/.5 a005 s pl f |000 0 pol  uhttp://koha.tu.koszalin.pl/cgi-bin/koha/opac-detail.pl?biblionumber=38021yKatalog online BPK